| 000 | 00685nam a2200241 a 4500 | ||
|---|---|---|---|
| 001 | 60196 | ||
| 003 | BD-RjUL | ||
| 005 | 20211209080819.0 | ||
| 008 | 790130s1977 ii b b 001 0 eng | ||
| 020 | _cRs50.00 | ||
| 035 | _a(BD-RjUL)60320 | ||
| 040 |
_aDLC _cDLC _dBD-RjUL _beng |
||
| 041 | _aeng | ||
| 082 | 0 | 0 |
_a355.1095414 _223 _bSEM 1977 |
| 100 | 1 |
_aSensarma, P. _9179217 |
|
| 245 | 1 | 4 |
_aThe military history of Bengal / _cP. Sensarma. |
| 260 |
_aCalcutta : _bdistributor, Naya Prokash, _cc1977. |
||
| 300 |
_axi, 232 p. : _bill. ; _c23 cm. |
||
| 500 | _aIncludes index. | ||
| 651 | 0 |
_aBengal (India) _xHistory, Military. _9179218 |
|
| 942 |
_2ddc _cBK |
||
| 999 |
_c60196 _d60196 |
||